| 000 | 01606nam a22004097a 4500 | ||
|---|---|---|---|
| 003 | CHAP | ||
| 005 | 20220329134927.0 | ||
| 008 | 971013s1983 r 00010 d | ||
| 010 | _a28196 | ||
| 011 | _a29168 | ||
| 035 | _a33279 | ||
| 040 | _cCHAP | ||
| 082 |
_a632.7 _bM32 |
||
| 100 | 0 | 0 |
_aMacGregor, Raúl. _969383 |
| 245 | _aGuía de insectos nocivos para la agricultura en México | ||
| 260 |
_aMéxico, D.F. : _bAlhambra Mexicana, _c1983 |
||
| 300 | _a166 p | ||
| 590 |
_aBATCH-UPD _b10 _c20130109 _lUCH01 _h2341 |
||
| 590 |
_aBATCH-UPD _b10 _c20130110 _lUCH01 _h1141 |
||
| 590 |
_aBATCH-UPD _b10 _c20130409 _lUCH01 _h1910 |
||
| 590 |
_aBATCH-UPD _b10 _c20130410 _lUCH01 _h0727 |
||
| 590 |
_aBATCH-UPD _b10 _c20130914 _lUCH01 _h0023 |
||
| 590 |
_aCONVERSION _b10 _c20130109 _lUCH01 _h1316 |
||
| 650 | 1 | 4 |
_aAgricultura _xPlagas. _91764 |
| 650 | 1 | 4 |
_aEntomología económica. _937145 |
| 700 | 0 |
_aGutiérrez, Odile. _951887 |
|
| 901 | _aBK | ||
| 942 | _cLIBRO | ||
| 949 |
_a632.7 M32 _bBC _cC _d33724000648051 _eC _fc.2 _h61174 _i33279 _si _t525.00 |
||
| 949 |
_a632.7 M32 _bBC _cC _d33724000648077 _eC _fc.3 _h61175 _i33279 _si _t525.00 |
||
| 949 |
_a632.7 M32 _bBC _cC _d33724000648085 _eC _h61173 _i33279 _si _t525.00 |
||
| 949 |
_a632.7 M32 _bBC _cC _d33724000648093 _eC _fc.7 _h61312 _i33279 _si _t525.00 |
||
| 949 |
_a632.7 M32 _bBC _cC _d33724000648101 _eC _fc.4 _h61176 _i33279 _si _t525.00 |
||
| 949 |
_a632.7 M32 _bBC _cC _d33724000648119 _eC _fc.5 _h61177 _i33279 _si _t525.00 |
||
| 949 |
_a632.7 M32 _bBC _cC _d33724002163991 _eC _fc.8 _gI.c/e _h112148 _i33279 _sb |
||
| 949 |
_a632.7 M32 _bBC _cC _d33724002201553 _eC _fc.6 _h61178 _i33279 _si _t525.00 |
||
| 999 |
_c28196 _d28196 |
||